Southville International School and Colleges
Your cart is empty.
  • Cart
  • Lists
    Public lists Eva Luna New books Lux_list list_1
    Your lists Log in to create your own lists
  • Log in to your account
  • Your cookies
  • Search history
Southville International School and Colleges
  • Advanced search
  • Recent comments
  • Most popular
  • Libraries

Log in to your account

Log in with GOOGLE


If you do not have an external account, but do have a local account, you can still log in:

  1. Home
  2. MARC view: 365 TV-Free Activities for Toddlers / :
Normal view MARC view ISBD view

365 TV-Free Activities for Toddlers / : (Record no. 105181)

[ view plain ]
MARC details
000 -LEADER
fixed length control field 00714nam a2200181 a 4500
005 - DATE AND TIME OF LATEST TRANSACTION
control field 20140412111344.0
008 - FIXED-LENGTH DATA ELEMENTS--GENERAL INFORMATION
fixed length control field 041109s19uu xx 00 eng d
020 ## - INTERNATIONAL STANDARD BOOK NUMBER
International Standard Book Number 1-8651-5722-8
050 ## - LIBRARY OF CONGRESS CALL NUMBER
Classification number TR(GS 372.19
Item number H66 2002
100 ## - MAIN ENTRY--PERSONAL NAME
Personal name Hodges, Di
245 ## - TITLE STATEMENT
Title 365 TV-Free Activities for Toddlers / :
Remainder of title 1-4 years /
Statement of responsibility, etc Di Hodges.
260 ## - PUBLICATION, DISTRIBUTION, ETC. (IMPRINT)
Place of publication, distribution, etc Australia :
Name of publisher, distributor, etc Hinkler books,
Date of publication, distribution, etc 2002.
300 ## - PHYSICAL DESCRIPTION
Extent 384
520 ## - SUMMARY, ETC.
Summary, etc Whatever the season or timme of day, this book will help children develop mental and physical skills through a huge range of imaginative activities.
650 ## - SUBJECT ADDED ENTRY--TOPICAL TERM
Topical term or geographic name as entry element Preschool education-- Curricula--handbooks, Manuals
650 ## - SUBJECT ADDED ENTRY--TOPICAL TERM
Topical term or geographic name as entry element Creative activities and seat work-- handbooks , manuals
Holdings
Withdrawn status Lost status Damaged status Home library Current library Shelving location Date acquired Source of acquisition Cost, normal purchase price Total Checkouts Full call number Barcode Date last seen Price effective from Koha item type
      Elizalde Library Elizalde Library Teachers Reference Section 11/09/2004   195.00   TR(GS 372.19 H66 2002 E9539 04/12/2014 04/12/2014 Books

365 TV-Free Activities for Toddlers / :

APA

Hodges D., . (2002). 365 TV-Free Activities for Toddlers. Australia: Hinkler books.

Chicago

Hodges Di, . 2002. 365 TV-Free Activities for Toddlers. Australia: Hinkler books.

Harvard

Hodges D., . (2002). 365 TV-Free Activities for Toddlers. Australia: Hinkler books.

MLA

Hodges Di, . 365 TV-Free Activities for Toddlers. Australia: Hinkler books. 2002.

  • Place hold
  • Print
  • Cite
  • Add to your cart (remove)
  • Save record
    BIBTEX Dublin Core MARCXML MARC (non-Unicode/MARC-8) MARC (Unicode/UTF-8) MARC (Unicode/UTF-8, Standard) MODS (XML) RIS
  • More searches
    Search for this title in:
    Other Libraries (WorldCat) Other Databases (Google Scholar) Online Stores (Bookfinder.com) Open Library (openlibrary.org)

Exporting to Dublin Core...

SOUTHVILLE LIBRARY

Southville International School and Colleges Library

1281 Tropical Ave. Cor. Luxembourg St., BF Homes International, Las Pinas City

Tel. No. 8256374 / 252358 Loc. 117/146

Powered by Koha